000 00310nam a22001337a 4500
008 170529b xxu||||| |||| 00| 0 eng d
020 _a3411031409
041 _ager
080 _a62
100 _a27
101 _aIM
245 _aKUNSTLICHE INTELLIGENZ-UBERBLICK UND GRUNDLAGEN
_cSCHEFE,P
942 _2udc
_cBK
999 _c14871
_d14871